01128nam a2200301Ia 4500001000700000003000500007008004100012010001100053040000900064090001700073100003900090245010300129260004100232300001000273502007600283650002600359650002800385650003900413650002700452901001700479902000600496910000900502942000600511942000600517999001900523952014200542952014200684Z_1864CHAP220113s1998 xx 000 0 und d a164958 cCHAP aTesis M 1301 aMercado Hernández, Adolfo974902 aSincronización del estro con PGF2a y PRID en ganado Holstein /cpor Adolfo Mercado Hernández aChapingo, Méx. :bEl autor,c1998 a42 h. aTesis (Ing. Agr. Esp. en Zootecnia) -- UACH. Departamento de Zootecnia aCiclo estrual 923072 aGanado Holstein 945133 aGanado lecheroxFertilidad 945265 aProstaglandinas992435 aTESIS M 1301 aM a1998 c2 c2 c164958d164958 00102local4051708TESISaZbZd2005-11-09eEl autorl0oTesis M47 1301 1998p5101002037r2022-01-18 00:00:00tEj.1w2022-01-18yTESIS 00102local4055708TESISaZbZd2005-11-09eEl autorl0oTesis M47 1301 1998p5101002038r2022-01-18 00:00:00tEj.2w2022-01-18yTESIS